Trasa Autobusu 502 Warszawa - Statystyki

Ogólne statystyki
  • Ten quiz został rozwiązany 6 razy
  • Średni wynik to 21 z 31
Statystyki odpowiedzi
Ulice Przystanek % Poprawnych
Pl. Konstytucji Pl. Konstytucji
83%
Graniczna Stara Miłosna (Graniczna)
83%
Graniczna Stara Miłosna (Graniczna)
83%
Jana Pawła II Torfowa
83%
Graniczna Torfowa
83%
Trakt Brzeski 1. Praskiego Pułku
67%
Ostrobramska CH Promenada
67%
Jana Pawła II Cieplarniana
67%
Trakt Brzeski Fabryczna
67%
Czecha Kajki
67%
Jana Pawła II Marmurowa
67%
Al. Armii Ludowej Marszałkowska
67%
Waryńskiego Metro Politechnika
67%
Waryńskiego Metro Politechnika
67%
Al. Stanów Zjednoczonych Międzynarodowa
67%
Trakt Brzeski Nizinna
67%
Trakt Brzeski Objazdowa
67%
Al. Armii Ludowej Pl. Na Rozdrożu
67%
Ostrobramska Płowiecka
67%
Al. Armii Ludowej Rozbrat
67%
Jana Pawła II Rumiankowa
67%
Al. Stanów Zjednoczonych Saska
67%
Jana Pawła II Stara Miłosna (Ułańska)
67%
Płowiecka Trakt Lubelski
67%
Czecha Trawiasta
67%
Ostrobramska Zaj. Ostrobramska
67%
Ostrobramska Zamieniecka
67%
Al. Stanów Zjednoczonych Kanał Gocławski
50%
Jana Pawła II Pogodna
50%
Ostrobramska Poligonowa
50%
Ostrobramska Przyczółek Grochowski
50%
Nie znaleziono quizów pasujących do podanych kryteriów
Rozkład punktacji
Procent ludzi z każdym wynikiem
Percentyl według liczby udzielonych odpowiedzi
Twoja historia wyników
Nie rozwiązałeś tego quizu